| 000 | 01270 a2200313 4500 | ||
|---|---|---|---|
| 003 | OSt | ||
| 005 | 20180116192324.0 | ||
| 008 | 120208t xxu||||| |||| 00| 0 eng d | ||
| 010 | _a 2001030504 | ||
| 020 | _a0071346163 (alk. paper) | ||
| 040 | _c0 | ||
| 082 | 0 | 0 | _a729 |
| 100 | 1 | _aDe Chiara, Joseph, \d 1929- | |
| 245 | 1 | 0 |
_aTime-saver standards for interior design and space planning / _cby Joseph De Chiara, Julius Panero and Martin Zelnik. |
| 250 | _a2nd ed. | ||
| 260 |
_aNew York : _bMcGraw-Hill, _cc2001. |
||
| 300 |
_axix, 1689 p., [16] p. of plates : _bill. (some col.) ; _c29 cm. |
||
| 500 | _aIncludes index. | ||
| 650 | 0 |
_aInterior decoration _xStandards |
|
| 650 | 0 |
_aInterior architecture _xStandards |
|
| 700 | 1 | _aPanero, Julius. | |
| 700 | 1 |
_aZelnik, Martin, _d1939- |
|
| 856 | 4 | 2 |
_3Contributor biographical information _uhttp://www.loc.gov/catdir/bios/mh041/2001030504.html |
| 856 | 4 | 2 |
_3Publisher description _uhttp://www.loc.gov/catdir/description/mh021/2001030504.html |
| 856 | 4 | 2 |
_3Table of contents _uhttp://www.loc.gov/catdir/toc/mh021/2001030504.html |
| 942 |
_aSADA _cBK _k729 DEC 2001 _2ddc |
||
| 999 |
_c352138 _d352138 |
||